| 000 | 00706nam a22002177a 4500 | ||
|---|---|---|---|
| 999 |
_c580 _d580 |
||
| 001 | 2940973 | ||
| 003 | GZU | ||
| 005 | 20200908084804.0 | ||
| 008 | 890614s1988 rh 000 0 eng | ||
| 010 | _a 89980397 | ||
| 020 | _a0908307071 | ||
| 040 |
_aDLC _cDLC _dDLC |
||
| 050 | 0 | 0 | _aDK 264.8 ING 2003 |
| 245 | 0 | 0 |
_aFormal sector employment demand conditions in Zimbabwe : _breport of a study / _cprepared by A.M. Hawkins ... [et al.]. |
| 260 |
_aMount Pleasant, Harare, Zimbabwe : _bUniversity of Zimbabwe, _c1988. |
||
| 300 |
_avii, 52 p. ; _c21 cm. |
||
| 700 | 1 | _aHawkins, A. M. | |
| 906 |
_a7 _bcbc _corignew _d3 _encip _f19 _gy-gencatlg |
||
| 942 |
_cBK _h264.8 _iING _kDK |
||